| 000 | 00619nam a22002057a 4500 | ||
|---|---|---|---|
| 003 | UA-OsUOA | ||
| 001 | 38928 | ||
| 007 | ta | ||
| 008 | 20080229b un ||||| |||| 00| 0 ukr d | ||
| 090 | _a050 | ||
| 942 | _cMG | ||
| 040 |
_aUA-OsUOA _bukr _cUA-OsUOA _dUA-OsUOA |
||
| 245 | _aЦерковний вісник. Двотижневик. Видає Українська Католицька парафія св. Ольги і Володимира в Чікаго | ||
| 955 | _a1 | ||
| 041 | _aukr | ||
| 080 | _a050 | ||
| 310 | _aЧ. 22(812), рік ХХХVI, 23 листопада 2003 | ||
| 650 | 7 | _2UDC | |
| 999 |
_c437438 _d437438 |
||